<?xml version="1.0" encoding="UTF-8"?>
<record
    xmlns:xsi="http://www.w3.org/2001/XMLSchema-instance"
    xsi:schemaLocation="http://www.loc.gov/MARC21/slim http://www.loc.gov/standards/marcxml/schema/MARC21slim.xsd"
    xmlns="http://www.loc.gov/MARC21/slim">

  <leader>03835nam a2200469Ii 4500</leader>
  <controlfield tag="001">9781787566033</controlfield>
  <controlfield tag="003">UtOrBLW</controlfield>
  <controlfield tag="005">20210303084923.0</controlfield>
  <controlfield tag="006">m     o  d        </controlfield>
  <controlfield tag="007">cr un|||||||||</controlfield>
  <controlfield tag="008">180815s2018    enk     ob    001 0 eng d</controlfield>
  <datafield tag="020" ind1=" " ind2=" ">
    <subfield code="a">9781787566033 (e-book)</subfield>
  </datafield>
  <datafield tag="040" ind1=" " ind2=" ">
    <subfield code="a">UtOrBLW</subfield>
    <subfield code="b">eng</subfield>
    <subfield code="e">rda</subfield>
    <subfield code="c">UtOrBLW</subfield>
  </datafield>
  <datafield tag="050" ind1=" " ind2="4">
    <subfield code="a">B63</subfield>
    <subfield code="b">.C75 2018</subfield>
  </datafield>
  <datafield tag="072" ind1=" " ind2="7">
    <subfield code="a">JHBA</subfield>
    <subfield code="2">bicssc</subfield>
  </datafield>
  <datafield tag="072" ind1=" " ind2="7">
    <subfield code="a">SOC026040</subfield>
    <subfield code="2">bisacsh</subfield>
  </datafield>
  <datafield tag="080" ind1=" " ind2=" ">
    <subfield code="a">3</subfield>
  </datafield>
  <datafield tag="082" ind1="0" ind2="4">
    <subfield code="a">320</subfield>
    <subfield code="2">23</subfield>
  </datafield>
  <datafield tag="245" ind1="0" ind2="0">
    <subfield code="a">Critical realism, history, and philosophy in the social sciences /</subfield>
    <subfield code="c">edited by Timothy Rutzou, George Steinmetz.</subfield>
  </datafield>
  <datafield tag="264" ind1=" " ind2="1">
    <subfield code="b">Emerald Publishing Limited,</subfield>
  </datafield>
  <datafield tag="300" ind1=" " ind2=" ">
    <subfield code="a">1 online resource (xv, 162 pages).</subfield>
  </datafield>
  <datafield tag="490" ind1="1" ind2=" ">
    <subfield code="a">Political Power and Social Theory,</subfield>
    <subfield code="x">0198-8719 ;</subfield>
    <subfield code="v">v. 34</subfield>
  </datafield>
  <datafield tag="500" ind1=" " ind2=" ">
    <subfield code="a">Includes index.</subfield>
  </datafield>
  <datafield tag="504" ind1=" " ind2=" ">
    <subfield code="a">Includes bibliographical references.</subfield>
  </datafield>
  <datafield tag="505" ind1="0" ind2="0">
    <subfield code="t">Prelims --</subfield>
    <subfield code="t">Crisis!? What crisis!? On social theory and reflexivity --</subfield>
    <subfield code="t">After positivism: critical realism and historical sociology --</subfield>
    <subfield code="t">Uses of value judgments in science: a general argument, with lessons from a case study of feminist research on divorce --</subfield>
    <subfield code="t">Principles of reconstructive social theory --</subfield>
    <subfield code="t">Conjunctures and assemblages: approaches to multicausal explanation in the human sciences --</subfield>
    <subfield code="t">Strange bedfellows? Ontology, normativity, critical realism, and queer theory --</subfield>
    <subfield code="t">Index.</subfield>
  </datafield>
  <datafield tag="520" ind1=" " ind2=" ">
    <subfield code="a">Social science, history, and philosophy have often been neglect in thinking through their fundamentally intertwined relationship. The result is often an inattention to philosophy where social science and history is concerned, or a neglect of historicity and social analysis where philosophy is concerned. Meanwhile, the place of values in research is often uneasily passed over in silence. The inattention to, and loss of, the intersection between these different disciplines and their subject matters, leaves our investigations all the more impoverished as a result. In resolving these problems, it is not enough to strive for cooperation or integration, but to rethink of the nature of the disciplines themselves; their interests, purposes, and presuppositions. In this volume, contributors explore different facets of these relationships, and move beyond the problematics erected by positivism often cast in terms of value-free or value-neutral science, that is, a science obsessed with empirical data, schematic classifications, and the pursuit of law-like forms. While positivism has been subject to critique, the influence and legacy of positivism remains. It remains in the way in which we often think about science; the line drawn between the sciences and the humanities; the norms researchers should follow; what a successful explanation looks like; and the ethical, normative, and political implications of scientific research.Aimed at students and researchers of philosophy, history and the social sciences, this book is driven by a desire to revindicate questions concerning ontology and social ontology, to rethink the nature of explanation, and to resituate normativity and values within scientific, social scientific, and historical pursuits.</subfield>
  </datafield>
  <datafield tag="588" ind1="0" ind2=" ">
    <subfield code="a">Print version record</subfield>
  </datafield>
  <datafield tag="650" ind1=" " ind2="0">
    <subfield code="a">Philosophy and social sciences.</subfield>
  </datafield>
  <datafield tag="650" ind1=" " ind2="0">
    <subfield code="a">Social sciences and history.</subfield>
  </datafield>
  <datafield tag="650" ind1=" " ind2="0">
    <subfield code="a">Ontology.</subfield>
  </datafield>
  <datafield tag="650" ind1=" " ind2="7">
    <subfield code="a">Social Science</subfield>
    <subfield code="x">Sociology / Social Theory.</subfield>
    <subfield code="2">bisacsh</subfield>
  </datafield>
  <datafield tag="650" ind1=" " ind2="7">
    <subfield code="a">Social theory.</subfield>
    <subfield code="2">bicssc</subfield>
  </datafield>
  <datafield tag="700" ind1="1" ind2=" ">
    <subfield code="a">Rutzou, Timothy,</subfield>
    <subfield code="e">editor.</subfield>
  </datafield>
  <datafield tag="700" ind1="1" ind2=" ">
    <subfield code="a">Steinmetz, George,</subfield>
    <subfield code="d">1957-</subfield>
    <subfield code="e">editor.</subfield>
  </datafield>
  <datafield tag="776" ind1=" " ind2=" ">
    <subfield code="z">9781787566040</subfield>
  </datafield>
  <datafield tag="830" ind1=" " ind2="0">
    <subfield code="a">Political power and social theory ;</subfield>
    <subfield code="v">v. 34.</subfield>
    <subfield code="x">0198-8719</subfield>
  </datafield>
  <datafield tag="856" ind1="4" ind2="0">
    <subfield code="u">https://www.emerald.com/insight/publication/doi/10.1108/S0198-8719201834</subfield>
  </datafield>
  <datafield tag="999" ind1=" " ind2=" ">
    <subfield code="c">30080</subfield>
    <subfield code="d">30080</subfield>
  </datafield>
  <datafield tag="952" ind1=" " ind2=" ">
    <subfield code="0">0</subfield>
    <subfield code="1">0</subfield>
    <subfield code="2">lcc</subfield>
    <subfield code="4">0</subfield>
    <subfield code="7">0</subfield>
    <subfield code="a">DL</subfield>
    <subfield code="b">DL</subfield>
    <subfield code="c">OA</subfield>
    <subfield code="d">2021-03-03</subfield>
    <subfield code="l">0</subfield>
    <subfield code="o">B63 .C75 2018</subfield>
    <subfield code="r">2021-03-03</subfield>
    <subfield code="u">https://www.emerald.com/insight/publication/doi/10.1108/S0198-8719201834</subfield>
    <subfield code="w">2021-03-03</subfield>
    <subfield code="y">EBOOK</subfield>
  </datafield>
</record>
